000 00282nam a22001097a 4500
008 170120b xxu||||| |||| 00| 0 eng d
020 _a9780766825208
041 _aeng
080 _22ND
_a618.2
245 _aLEGAL ASPECTS OF HEALTH INFORMATION MANAGEMENT
_cMCWAY, D.C
942 _2udc
_cBK
999 _c3232
_d3232